00862nam a2200205Ia 4500003000400000020001800004082001800022100002200040245007000062250001200132260006400144300001100208650002300219653014600242700002500388942001200413952010800425952010800533999001500641SGT a9780070659940 a620.1054bBEE aBeer, Ferdinand P aVector mechanics for engineers Statics and dynamics (In SI Units) a8th Ed. bTata McGraw Hill Education Private LimitedaNew Delhic2007 a1326p. aCIVIL ENGINEERING  aINTRODUCTION, STATICS OF PARTICLES, RIGID BODIES EQUIVALENT SYSTEMS OF FORCES, ANALYSIS OF STRUCTURES, DISTRIBUTED FORCES MOMENTS OF INERTIA  aJohnston, E. Russell 2ddccBK 00102ddc4070aFEbFEd2014-08-05iSGTUl0o620.1054 BEEpFE6308r2015-02-09 00:00:00w2015-02-09yBK 00102ddc4070aFEbFEd2014-08-05iSGTUl0o620.1054 BEEpFE6315r2015-02-09 00:00:00w2015-02-09yBK c5697d5697